=LDR 00000nam 2200000 4500 =001 000669 =005 20250711021448 =035 ##$$a 0010-0725000537 =007 ta =008 250711################a##########0#ind## =020 ##$$a 978-623-307-943-3 =082 ##$$a 398.209 598 =084 ##$$a 398.209 598 DAM b =100 #$$a Damodar, Deepthi =245 1#$$a Bagaimana Perasaanmu? /$c Deepthi Damodar =260 ##$$a Jakarta Timur :$b Badan Pengembangab dan Pembinaan Bahasa,$c 2022 =300 ##$$a 16 hlm. : $b ilus. ; $c 22,9 cm =650 #4$$a Cerita Anak Indonesia-Terjemahan =650 #4$$a Literasi-Bahan Bacaan =856 ##$$a TBM As Suhada =990 ##$$a TBM04440444